| 000 | 01721cam a22004457a 4500 | ||
|---|---|---|---|
| 003 | CHAP | ||
| 005 | 20220329141911.0 | ||
| 008 | 980507s1990 us a r 00010 eng d | ||
| 010 | _a75468 | ||
| 011 | _a76440 | ||
| 035 | _a86025 | ||
| 040 | _cCHAP | ||
| 082 | 0 | 4 |
_a628.44042 _bE85 1990 |
| 110 | 0 |
_aE.U.A. Environmental Protection Agency _934920 |
|
| 245 | 1 | 0 |
_aTest methods for evaluating solid waste, physical/chemical methods _c/by Environmental Protection Agency |
| 250 | _a3 ed. | ||
| 260 |
_aWashington, D. C. : _bEnvironmental Protection Agency, _c1990. |
||
| 300 | _a2 v. | ||
| 410 | _aEnvironmental Protection Agency | ||
| 490 | 0 | _aSW-846 | |
| 505 | 0 | _aContenido : v.1 Final update. (2 ptes.) -- v.2 Proposed update (2 ptes.) | |
| 590 |
_aBATCH-UPD _b10 _c20130110 _lUCH01 _h0442 |
||
| 590 |
_aBATCH-UPD _b10 _c20130410 _lUCH01 _h0119 |
||
| 590 |
_aBATCH-UPD _b10 _c20130914 _lUCH01 _h1312 |
||
| 590 |
_aCONVERSION _b10 _c20130109 _lUCH01 _h1341 |
||
| 650 | 1 | 4 |
_aMetales pesados _xEfecto en agua. _975169 |
| 650 | 1 | 4 |
_aMetales pesados _xEfecto en el medio ambiente. _975170 |
| 650 | 1 | 4 |
_aMetales pesados _xEfecto en suelos. _975172 |
| 650 | 1 | 4 |
_aResiduos sólidos. _996119 |
| 650 | 1 | 4 |
_aSuelos _xAnálisis. _9110204 |
| 810 | 0 | 0 |
_aEnvironmental Protection Agency _937183 |
| 830 | 0 | 0 |
_aSW-846 _9110837 |
| 901 | _aBK | ||
| 905 | _aLilia Sánchez G. | ||
| 942 | _cLIBRO | ||
| 949 |
_a628.44042 E85 1990 _bBC _cESP _d860251 _eESP _fv.1 pte.1 _h93193 _i86025 _sb |
||
| 949 |
_a628.44042 E85 1990 _bBC _cESP _d860252 _eESP _fv.1 pte.2 _h93194 _i86025 _sb |
||
| 949 |
_a628.44042 E85 1990 _bBC _cESP _d860253 _eESP _fv.2 pte.1 _h93366 _i86025 _sb |
||
| 949 |
_a628.44042 E85 1990 _bBC _cESP _d860254 _eESP _fv.2 pte.2 _h93367 _i86025 _sb |
||
| 999 |
_c75468 _d75468 |
||